|
|
|
|
| LEADER |
00778nam a2200217Ia 4500 |
| 008 |
241007s9999||||xx |||||||||||||| ||und|| |
| 020 |
|
|
|a 99924-0-341-1
|
| 040 |
|
|
|a BIBLIOTECA-RURC/ 338.1 C122
|
| 041 |
|
|
|a spa
|
| 082 |
|
|
|a 338.1 C122
|
| 100 |
1 |
|
|a Smith, Francis juliana
|
| 100 |
1 |
|
|c Centro de Estudio e Información de la Mujer Multiétnica CEIMM
|
| 245 |
1 |
0 |
|a Las cadenas de valor en Nicaragua: Quequisque, Forestal y lácteos tres estudios de caso
|
| 260 |
|
|
|a Managua
|b Imprimatur Artes Gráficos
|c 2004
|
| 300 |
|
|
|a 227 p. :il.
|
| 650 |
7 |
|
|a JUSTIFICACIÓN Y CRITERIOS PARA LA SELECIÓN DEL RUBRO QUEQUISQUE
|
| 650 |
7 |
|
|b CADENA DE VALOR FORESTAL Y PRODUCTOS DE MADERA
|
| 650 |
7 |
|
|c CADENA DE LACTEOS EN NICARAGUA
|
| 942 |
|
|
|c BK
|2 ddc
|
| 991 |
|
|
|a TEXTO
|
| 999 |
|
|
|c 14291
|